000 00354nam a2200145Ia 4500
005 20250923144631.0
008 008 250917s9999 xx 000 0 eng d
037 _aTextual
040 _aDSWL
_beng
_cDSWL
041 _aeng
_2eng
084 _qDSWL
245 0 _aIntermatonal Social Science Bullatin
942 _cTEXL
999 _c1441448
_d1441448